| 000 | 01169cam a2200289 a 4500 | ||
|---|---|---|---|
| 999 |
_c956 _d956 |
||
| 001 | 005352324 | ||
| 003 | OSt | ||
| 005 | 20200107110237.0 | ||
| 008 | 091117r20071989nyu j 000 1 eng | ||
| 010 | _a2009419375 | ||
| 020 |
_a9780312368586 _q(pbk.) : |
||
| 040 |
_aNKMU _beng _cNKMU _dNKMU _eAACR2 |
||
| 042 | _anbic | ||
| 082 | _aFIC LEN | ||
| 100 | 1 |
_aL'Engle, Madeleine. _eauthor |
|
| 245 | 1 | 3 |
_aAn acceptable time / _cMadeleine L'Engle. |
| 250 | _a1st Square Fish ed. | ||
| 260 |
_aNew York : _bFarrar, Straus and Giroux, _c2007. |
||
| 300 |
_a373 p. ; _c20 cm. |
||
| 440 |
_aThe time quintet ; _nBook 5 |
||
| 500 | _aIncludes an interview with the author and a genealogical table of the Murry-O'Keefe and Austin families and lists the books in which they appear. | ||
| 520 | _aPolly's stay with her grandparents in Connecticut becomes an extraordinary experience as she encounters old friends and mysterious strangers and finds herself traveling back in time to play a crucial role in a prehistoric confrontation. | ||
| 650 | 1 |
_aDruids and druidism _vFiction. |
|
| 650 | 1 |
_aSpace and time _vFiction. |
|
| 650 | 1 |
_aTime travel _vFiction. |
|
| 942 |
_2ddc _cFIC |
||